000 00483cam a2200145 4500500
005 20251012011654.0
041 _afre
042 _adc
100 1 0 _aDenieuil, Marie
_eauthor
245 0 0 _aPourquoi gribouille-t-on sur des bouts de papierĀ ?
260 _c2017.
500 _a1
786 0 _nPhilosophie magazine | 111 | 7-8 | 2017-07-01 | p. 48-48 | 1951-1787
856 4 1 _uhttps://shs.cairn.info/magazine-philosophie-magazine-2017-7-8-page-48?lang=fr&redirect-ssocas=7080
999 _c1523928
_d1523928